000 00741cam a22002413a 4500
001 35499
003 PGUSA
005 20140828083750.0
008 110306s2011||||xxu|||||s|||||000 1 eng d
040 _aPGUSA
_beng
042 _adc
050 4 _aPG
100 1 _aPrus, Bolesław,
_d1847-1912
245 1 4 _aThe Pharaoh and the Priest :
_bAn Historical Novel of Ancient Egypt
_h[electronic resource] /
_cBolesław Prus
260 _bProject Gutenberg,
_c2011
506 _aPublic domain in the USA.
516 _aElectronic text
653 _aEgypt -- History -- To 332 B.C. -- Fiction
700 1 _aCurtin, Jeremiah,
_d1835-1906
830 0 _aProject Gutenberg
_v35499
856 4 0 _uhttp://www.gutenberg.org/ebooks/35499
942 _cEB
999 _c264754
_d264754